Private investment, risk and the policy environment in Africa (Record no. 54674)

MARC details
000 -LEADER
fixed length control field 00720nam a2200193 a 4500
008 - FIXED-LENGTH DATA ELEMENTS--GENERAL INFORMATION
fixed length control field 091008s1997 ||||||||||||||||| || u
050 ## - LIBRARY OF CONGRESS CALL NUMBER
Classification number ADB(08)ER/29
100 ## - MAIN ENTRY--PERSONAL NAME
Personal name Pattillo, Cathy
245 10 - TITLE STATEMENT
Title Private investment, risk and the policy environment in Africa
Statement of responsibility, etc. Paul Collier and Cathy Pattillo
260 ## - PUBLICATION, DISTRIBUTION, ETC.
Place of publication, distribution, etc. Abidjan:
Name of publisher, distributor, etc. ADB
Date of publication, distribution, etc. 1997
300 ## - PHYSICAL DESCRIPTION
Extent 29p.
350 ## - PRICE (NR) (BK AM CF MU VM SE) [OBSOLETE]
Price 0.00
490 ## - SERIES STATEMENT
Series statement ADB Economic research papers
650 #7 - SUBJECT ADDED ENTRY--TOPICAL TERM
Topical term or geographic name entry element AFRICA
Source of heading or term fast
650 ## - SUBJECT ADDED ENTRY--TOPICAL TERM
Topical term or geographic name entry element INVESTMENTS, FOREIGN--AFRICA
700 ## - ADDED ENTRY--PERSONAL NAME
Personal name Collier, Paul
710 ## - ADDED ENTRY--CORPORATE NAME
Corporate name or jurisdiction name as entry element African Development Bank (ADB)
995 ## - RECOMMENDATION 995 [LOCAL, UNIMARC FRANCE]
-- 0.00
-- CBU-MAIN LIBRARY (Kitwe)
-- 1
-- 0.00
-- 1
-- AVAILABLE
-- Oct 8, 2009
-- International Publications
Holdings
Withdrawn status Lost status Source of classification or shelving scheme Damaged status Not for loan Home library Current library Shelving location Date acquired Total Checkouts Full call number Barcode Date last seen Price effective from Koha item type
          CBU-MAIN LIBRARY, KITWE. CBU-MAIN LIBRARY, KITWE.   11/30/2022   ADB(08)ER/29 03004626 11/30/2022 11/30/2022 MONOGRAPH